Function in english
Պահպանված է:
| Հիմնական հեղինակներ: | , , |
|---|---|
| Ձևաչափ: | Գիրք |
| Լեզու: | անգլերեն |
| Հրապարակվել է: |
Oxford
Oxford University Press
1982
|
| Խորագրեր: | |
| Ցուցիչներ: |
Ավելացրեք ցուցիչ
Չկան պիտակներ, Եղեք առաջինը, ով նշում է այս գրառումը!
|
MARC
| LEADER | 00000nam a2200000 a 4500 | ||
|---|---|---|---|
| 001 | UCP2870 | ||
| 003 | CL-VaPUC | ||
| 008 | 990604e19820000UK |||||||||||||||||eng|d | ||
| 082 | 0 | 4 | |a 428.8 |b BLU |2 21 |
| 100 | 0 | |a Blundell, Jon |e author |9 429855 | |
| 700 | 0 | |a Higgens, Jonathan |e author |9 429856 | |
| 700 | 0 | |a Middlemiss, Nigel |e author |9 429857 | |
| 245 | 1 | 0 | |a Function in english |
| 300 | |a 274 p | ||
| 942 | |c BK | ||
| 945 | |d 19990604 00:00:00 |a rbrito | ||
| 260 | |a Oxford |b Oxford University Press |c 1982 | ||
| 650 | 0 | |a Inglés |9 260023 | |
| 650 | 0 | |a Gramática |9 270497 | |
| 650 | 0 | |a Comprensión |9 339377 | |
| 650 | 0 | |a Enseñanza de idiomas |9 339820 | |
| 650 | 0 | |a Enseñanza del inglés |9 367340 | |
| 583 | |a last modification |c 19990604 00:00:00 |k Rodrigo Vera | ||
| 999 | |c 281337 |d 281335 | ||
| 952 | |0 0 |1 0 |4 0 |6 428_800000000000000_BLU_1982 |7 0 |8 A |9 322046 |a BIBEDU |b BIBEDU |d 2019-11-20 |i 3528863 |o 428.8 BLU 1982 |p 3528863 |r 2019-11-20 |w 2019-11-20 |y BK |k LIT | ||
| 952 | |0 0 |1 0 |4 0 |6 428_800000000000000_BLU_1982 |7 0 |8 A |9 322047 |a BIBEDU |b BIBEDU |d 2019-11-20 |i 3652238 |o 428.8 BLU 1982 |p 3652238 |r 2019-11-20 |w 2019-11-20 |y BK |k LIT | ||